000 nam a22 a 4500
999 _c2638
_d2638
005 20170517123848.0
008 170517b1984 xxu||||| |||| 00| 0 eng d
020 _a0863183085
040 _aAKMAL
082 _a616.0252 PRA
090 _a616.0252
_bPRA
245 _aPRACTICAL FIRST AID
260 _aUNITED STATES OF AMERICA
_bTHE BRITISH RED CROSS
_c1984
300 _a96p,;
_c20 cm
942 _2ddc
_cBOOK